| 000 | 01254nam0a22003131 4500 | ||
|---|---|---|---|
| 001 | v19\rc\1489324 | ||
| 005 | 20250618195908.0 | ||
| 035 | _a(NLR Aleph) 004686895 | ||
| 090 |
_a3882797 _c3882797 |
||
| 100 | _a20060620d1880 |||y0rusy50 ca | ||
| 101 | 0 | _arus | |
| 102 | _aRU | ||
| 105 | _ay z |||a| | ||
| 200 | 1 |
_aНа войне и дома _eРоман _f[Соч.] С.С. Окр-ца [псевд.] |
|
| 210 |
_aСанкт-Петербург _cтип. Б.Г. Янпольского _d1880 |
||
| 215 |
_a[4], 194 с. _d21 |
||
| 300 | _aАвт. установлен по изд.: Масанов. Словарь псевдонимов. М., 1957. Т. 2 | ||
| 300 | _aИзд. также под загл.: "Из последнего времени" | ||
| 451 | 0 |
_12001#$aИз последнего времени _tИз последнего времени |
|
| 700 | 1 |
_aОкрейнц _bС.С. _f1834 или 1836-после 1921 _gСтанислав Станиславович |
|
| 790 | 0 |
_aС.С. Окр-ц _f1834 или 1836-после 1921 |
|
| 801 | 0 |
_aRU _bNLR _gpsbo |
|
| 801 | 0 |
_aRU _bRuMoRGB _2psbo |
|
| 801 | 1 |
_aRU _bProSoft-M _2rusmarc |
|
| 852 |
_aNLR _j18.238.2.27 |
||
| 899 |
_aRuMoRGB _jS 14/58 |
||
| 899 | _aБАН | ||
| 942 | _cBOOK | ||
| 980 | _aNB | ||